Who am I? - Animal Eyes - Statistics

General Stats
  • This quiz has been taken 905 times
    864 since last reset
  • The average score is 12 of 16
Answer Stats
Picture Answer % Correct
Koala
89%
Zebra
89%
Owl
88%
Gorilla
87%
Eagle
83%
Elephant
81%
Fox
79%
Bear
77%
Human
77%
Lion
76%
Squirrel
72%
Turtle
64%
Racoon
63%
Deer
58%
Wolf
54%
Lynx
43%
No matching quizzes found
Score Distribution
Percent of People with Each Score
Percentile by Number Answered
Your Score History
You have not taken this quiz since the last reset